| 000 | 00449nam a22001817a 4500 | ||
|---|---|---|---|
| 003 | MPLRDC | ||
| 005 | 20220104142518.0 | ||
| 008 | 210129b ||||| |||| 00| 0 eng d | ||
| 082 | _a782.886 CYS c.2 | ||
| 100 | _a陈玉书 | ||
| 245 |
_a商旅生涯不是梦 _c |
||
| 250 | _a第四版 | ||
| 260 |
_a _b繁荣出版社有限公司 _c1990 |
||
| 300 | _b平 | ||
| 490 | _a发达系列 | ||
| 650 | _a陈玉书传记 | ||
| 942 |
_cBK _o782.886 CYS c.2 |
||
| 999 |
_c31478 _d31468 |
||